| 000 | 00689nam a2200181Ia 4500 | ||
|---|---|---|---|
| 003 | GCL | ||
| 008 | 140319s9999 xx 000 0 ara d | ||
| 040 |
_aGCL / _cGCL |
||
| 082 | 0 | 4 |
_a621.381954 _bم ت |
| 100 | 1 | _aمولر، سكوت | |
| 245 | 1 | 0 |
_aترقية واصلاح الكمبيوتر : الدليل العملى للحصول على شهادة +A / _cمولر، سكوت |
| 260 |
_aالقاهرة : _bدار الفاروق للنشر والتوزيع ، _c2001 |
||
| 300 |
_a720 ص ؛ _c24 سم |
||
| 650 | 0 | 4 | _aالحاسبات الالكترونية |
| 650 | 0 | 4 | _aالبرامج الالية |
| 650 | 0 | 4 | _aالحاسبات الالكترونية - صيانة |
| 942 |
_2ddc _cBK |
||
| 999 |
_c5403 _d5403 |
||